000 00480nam a22001817a 4500
003 MPLRDC
005 20220104124511.0
008 210129b ||||| |||| 00| 0 eng d
020 _a957-573-201-4
082 _a308.9 JSTN v.10
100 _a蔡春桂等编辑
245 _a简易科学实验
_c
260 _a
_b泉源出版社
_c1992
300 _b
490 _a金色童年书系. 小小科学家. 10
650 _a儿童用科学丛书
942 _cBK
_o308.9 JSTN v.10
999 _c19833
_d19823